Riconosci il Pokémon - Quiz n°447 - Statistics

Statistiche generali
  • Questo quiz è stato fatto 0 volte
  • Il punteggio medio è 0 su 10
Statistiche sulle risposte
Indizio Risposta % Corretto
Altezza 1,4 m
0%
Sesso 50% ♂, 50% ♀
0%
Tasso di cattura 60 (14.8%)
0%
Peso 89,0 kg
0%
Pokémon Eiscue
0%
Abilità Gelofaccia
0%
Tipo Ghiaccio
0%
Tasso di allevamento Lento
0%
Stadio evoluzione Non si evolve
0%
Generazione Ottava
0%
Nessun quiz corrispondente trovato
Distribuzione punteggi
Percentuale di utenti per punteggio
Percentile per numero di risposta
I tuoi punteggi nel tempo
Non hai fatto questo quiz